000 00523nam a22002057a 4500
003 OSt
005 20140310182824.0
008 130525t xxu||||| |||| 00| 0 eng d
020 _a0706370597
050 _aLB 1049
_b.C323 1992
082 _aM 153.93
_bC24 1992
245 _aTest your IQ
_cCarter, Philip J.
260 _aLondon
_bA Cassell Imprint Villiers House
_c1992
300 _a127 p.
_c17 cm
521 _acollege students
526 _c1210L-1700L
541 _j1
562 _e1
942 _2lcc
_cBK
_kM
999 _c16458
_d16458